Statistics for What's that? - in the kitchen

Click here to take the quiz!

General Stats

  • This quiz has been taken 63 times
    (51 since last reset)
  • The average score is 8 of 24

Answer Stats

Answer% Correct
jam
85%
jelly
80%
can opener
72%
counter
70%
oven mitt
70%
stove
65%
bowl
59%
meat grinder
41%
oven glove
41%
cooker
39%
crock-pot
35%
dish
35%
slow cooker
33%
tin opener
22%
mincer
20%
soda
20%
bench
15%
turner
13%
plain flour
7%
all-purpose flour
4%
egg flip
2%
cherry pitter
0%
olive stoner
0%
soft drink
0%

Score Distribution

Percentile by Number Answered

Percent of People with Each Score

Your Score History

You have not taken this quiz since the last reset